000 01113nam a2200253 a 4500
001 81854
003 BD-RjUL
005 20231121102901.0
008 230905s2013 bg a|||| m||| 00| 0 eng d
035 _a(BD-RjUL)81854
040 _aBD-RjUL
_beng
_cBD-RjUL
_dBD-RjUL
041 _aeng
082 _223
_a617.762
_bKHO 2013
100 _aKHAN, MD. ASHRAF UL KARIM
_98793
245 1 0 _aOCULAR INJURY:
_bCAUSES, CONSEQUENCE AND ROLE OF COMMUNITY EYE HEALTH IN THE CONTEXT OF BANGLADESH /
_cMD. ASHRAF UL KARIM KHAN
_6Principal Supervisor : M A Mannan,Co-Supervisor : Md. Shafiqul Islam
260 _aRajshahi :
_bInstitute of Biological Sciences, University of Rajshahi,
_c2013.
300 _axxviii, 229 leaves :
_bill.;
_c29 cm.
502 _aThesis(Ph.D.)-- Institute of Biological Sciences,University of Rajshahi,2013
504 _aReferences : Leaves 60-65,106-110, 143-145,181-186,214-221,228-229
650 _aDiseases
_xOcular Injury
_vHistory & biography
_zBangladesh
_98794
700 _aMannan, M A, Principal Supervisor
_98795
700 _aIslam, Md. Shafiqul, Co-Supervisor
_98796
942 _2ddc
_cTHE
999 _c81854
_d81854